Čína rozprúdila úvahy o zbrojení

Jednostranné presadzovanie vlastných bezpečnostných záujmov USA vo svete Rusko a Čína zo začiatku tolerovali, keď to bolo interpretované ako sled neodkladných obranných krokov proti svetovému terorizmu. Nikdy však nesúhlasili so stratégiou preventívnych vojen ako nástroja vedenia americkej zahraničn...

Descripción completa

Guardado en:
Detalles Bibliográficos
Autor principal: Pressburg, Adrian Peter
Formato: Capítulo de libro
Lenguaje:eslovaco
Materias:
Etiquetas: Agregar Etiqueta
Sin Etiquetas, Sea el primero en etiquetar este registro!

MARC

LEADER 00000naa$a2200000$$$4500
001 0054956
005 20231009073152.1
041 0 |a slo 
044 |a SK 
245 1 0 |a Čína rozprúdila úvahy o zbrojení  |c Adrian Peter Pressburg 
520 |a Jednostranné presadzovanie vlastných bezpečnostných záujmov USA vo svete Rusko a Čína zo začiatku tolerovali, keď to bolo interpretované ako sled neodkladných obranných krokov proti svetovému terorizmu. Nikdy však nesúhlasili so stratégiou preventívnych vojen ako nástroja vedenia americkej zahraničnej politiky. Po 11. septembri 2001 svetová hospodárska aréna prežíva markantné zmeny. Rusko sa v novej situácii etablovalo ako energetická veľmoc. Ekonomická superveľmoc - Čína posilňuje svoju vojenskú moc na ochranu svojich hospodárskych a obchodných záujmov vo svete. Konkurencia medzi Čínou a USA, globálna zodpovednosť. 
610 2 0 |a Čína 
610 2 0 |a zbrojenie 
610 2 0 |a systémy bezpečnostné 
610 2 0 |a USA 
610 2 0 |a konkurencia medzinárodná 
100 1 |a Pressburg, Adrian Peter